000 00581nam a22001817a 4500
999 _c9797
_d9797
003 AR-CdUCM
008 190328b ||||| |||| 00| 0 spa d
040 _aMUNICIPALIDAD PROVINCIAL DEL CUSCO
_cBIBLIOTECA MUNICIPAL DEL CUSCO
082 _24ed.
_a802.08 /
_bM42F / 1943
100 _aMenéndez Pidal, R.
_926245
245 _aFlor nueva de romances viejos /
260 _aBuenos Aires :
_bEspasa-Calpe Argentina,
_c1943.
300 _a250 páginas ;
_c17.5 cm.
650 _aRomance español
_926246
650 _aLiteratura
_983
942 _2ddc
_cLIBROS
945 _apjha
_d2019-05-13